00687nam a22001577a 4500003000900000005001700009008004100026040001300067100001400080245002100094250000700115260002000122300001900142490002400161520034400185IT-RoPau20220918175939.0130125b xxu||||| |||| 00| 0 eng d cIT-RoPau aBianchini aSuor Tecla Merlo aII aRomabFSPc1989 a31 p.c18,5 cm aEdizioni PaolinevI aIndice Destinata a fare un gran bene Brama di fare di più per il Signore Un "si" carico di conseguenze Un avvio pieno di fede e di coraggio Trasferimento a Susa Prima Superiora generale Graduale costante progresso " I vostri confini sono i confini del mondo" Madre sollecita e forte L'offerta della sua vita Principali dati biografici